|
|
|
|
| LEADER |
00000nab a2200000 a 4500 |
| 001 |
vtls000583161 |
| 003 |
SK-MaSNL |
| 005 |
20260303011126.0 |
| 008 |
120930c1994 xo 0 cze |
| 015 |
|
|
|a SNBRA19rr/mm-uuuuu
|
| 035 |
|
|
|a CL0583300
|
| 040 |
|
|
|a SNKBUCL
|b slo
|c SNKBUCL
|e AACR2
|
| 041 |
0 |
|
|a cze
|
| 044 |
|
|
|a xo
|c SK
|
| 080 |
|
|
|a 69.01.059
|2 1981
|
| 080 |
|
|
|a 582.281.21
|2 1981
|
| 100 |
1 |
|
|a Bukovský, Ladislav
|4 aut
|9 728455
|
| 245 |
1 |
0 |
|a Sanace biokoroze staveb
|c Ladislav Bukovský
|
| 650 |
0 |
7 |
|a stavby
|2 snkbucl
|9 2983
|
| 650 |
0 |
7 |
|a biokorózia
|2 snkbucl
|9 291495
|
| 655 |
|
7 |
|a články zo zborníkov
|2 snkbucl
|9 166140
|
| 773 |
0 |
|
|t Odborný seminár rekonštrukcie a sanácie zavlhnutého muriva
|d Nitra : Regionálne kultúrne stredisko, 1994
|g S. 98-102
|z 8021600098
|
| 850 |
|
|
|a Slovenská národná knižnica v Martine
|a MTA001
|
| 852 |
|
|
|a SNK
|b KIS3GCP
|
| 958 |
|
|
|a RK
|
| 992 |
|
|
|a RZB
|
| 999 |
|
|
|c 1590618
|d 1592548
|